| 000 | 01490cam a22002054a 4500 | ||
|---|---|---|---|
| 005 | 20250605164121.0 | ||
| 008 | 250528s ||||||||||||||||||||||||d | ||
| 035 | _a18295 | ||
| 020 | _a9609024610 | ||
| 040 |
_aGR-AtMCL _bgre _dGR-AtMCL _eAACR2 |
||
| 245 | 1 |
_aΕφαρμογές Οπλισμένου Σκυροδέματος / Σύμφωνα με τον Νέο Κανονισμό Σκυροδέματος. _nΤόμος Α' Έκδοση 2.0 |
|
| 260 |
_bΠ, Systems International Α.Ε.Β.Ε.Λ, _c1994 |
||
| 300 | _a244 | ||
| 505 | 0 | _aΕισαγωγή, Πεδίο Εφαρμογής του Κανονισμού Σκυροδέματος, Μονάδες Μέτρησης, Συμβολισμοί, Δράσεις, Εντάσεις, Υλικά, Κάμψη, Υποστυλώματα με Σπειροειδή Οπλισμό, Το Πρόβλημα της Κάμψης με Ορθή Δύναμη, Διάτμηση, Στρέψη, Ασκήσεις. | |
| 520 | _aΕισαγωγή, Πεδίο Εφαρμογής του Κανονισμού Σκυροδέματος, Μονάδες Μέτρησης, Συμβολισμοί, Δράσεις, Εντάσεις, Υλικά, Κάμψη, Υποστυλώματα με Σπειροειδή Οπλισμό, Το Πρόβλημα της Κάμψης με Ορθή Δύναμη, Διάτμηση, Στρέψη, Ασκήσεις. | ||
| 700 | 1 |
_aΚωνσταντινίδης Απόστολος _94572 |
|
| 942 | _cBK | ||
| 999 |
_c3661 _d3661 |
||